Delhi Sales Tax Law (Record no. 1191885)

MARC details
000 -LEADER
fixed length control field 00741nam a2200265Ia 4500
003 - CONTROL NUMBER IDENTIFIER
control field OSt
005 - DATE AND TIME OF LATEST TRANSACTION
control field 20221007111004.0
008 - FIXED-LENGTH DATA ELEMENTS--GENERAL INFORMATION
fixed length control field 221006b |||||||| |||| 00| 0 eng d
037 ## - SOURCE OF ACQUISITION
Terms of availability Textual
040 ## - CATALOGING SOURCE
Original cataloging agency LCO
Transcribing agency LCO
Language of cataloging eng
041 ## - LANGUAGE CODE
Source of code eng
Language code of text/sound track or separate title eng
100 ## - MAIN ENTRY--PERSONAL NAME
Personal name Saini S.P.
9 (RLIN) 309961
245 #0 - TITLE STATEMENT
Title Delhi Sales Tax Law
250 ## - EDITION STATEMENT
Edition statement 5th
260 ## - PUBLICATION, DISTRIBUTION, ETC.
Place of publication, distribution, etc. Delhi
Name of publisher, distributor, etc. Saini Law Publishing Co.
Date of publication, distribution, etc. 1974
300 ## - PHYSICAL DESCRIPTION
Extent various
500 ## - GENERAL NOTE
General note The Bengal Finance (Sales Tax) Act, 1941; The Delhi Sales Tax Rules, 1951
650 ## - SUBJECT ADDED ENTRY--TOPICAL TERM
Topical term or geographic name entry element SALES TAX
9 (RLIN) 258895
942 ## - ADDED ENTRY ELEMENTS (KOHA)
Classification part X7291:(Z4481), L4
Koha item type Textual
Holdings
Withdrawn status Lost status Damaged status Not for loan Home library Current library Date acquired Total Checkouts Full call number Barcode Date last seen Price effective from Koha item type
        Law Centre-I Library Law Centre-I Library 2022-10-07   X7291:(Z4481) L4 LO0006152 2022-10-07 2022-10-07 Textual
Copyright @ Delhi University Library System